Pro Wrestling Theme Song by Lyric #3 - Statistics

General Stats
  • This quiz has been taken 131 times
  • The average score is 8 of 15
Answer Stats
Lyric Wrestler % Correct
"THS IS MY BRUTALITY!!" Rhea Ripley
86%
"I walk for miles inside this pit of danger. A place where no one follows me, I walk alone." Batista
83%
"Are you ready? You think you can tell us what to do? You think you can tell us what to wear? You think that you're better?" D-Generation X
81%
"All bask in his Glory! (For he is limitless)" Keith Lee
75%
"I love to love 'em, I love to kick 'em, I love to shove 'em, I love to stick 'em, Love to flaunt 'em, I love to watch 'em, I love to pick 'em, And I'm gonna kick 'em, 'Cause I'm an Ass Man" Billy Gunn
74%
"Oh-oh-oh-oh-oh-oh-oh-oh-oh-oh-oh, Jungle life, I'm far away from nowhere, On my own like Tarzan boy" Jungle Boy
67%
"UHHHHHHGGGGHHHHHH, WHAT A RUSH" Road Warriors
63%
"If you close your eyes, your life, a naked truth revealed,dreams you never lived and scars never healed (scars never healed)" Christian
56%
"Don't treat me like a woman, Don't treat me like a man, Don't treat me like you know me, Treat me for just who I am" Chyna
53%
"HELLOOOOOO LADIES..." Val Venis
48%
"I'm on my own, against the wall, the pressure's building, but no, I will never fall" Bianca Belair
46%
"I dont sleep because my head's on fire, I hate creeps and I hate liars." Darby Allin
27%
"Destination unknown, ___, ___, ___, ___, ___" Ruby Soho
27%
"Ooh, With your feet on the air and your head on the ground, Try this trick and spin it, yeahYour head will collapse, But there's nothing in it, And you'll ask yourself, Where is my mind? Orange Cassidy
23%
"From far and wide. And light years away. The one force of nature. They call by name" Asuka
17%
No matching quizzes found
Score Distribution
Percent of People with Each Score
Percentile by Number Answered
Your Score History
You have not taken this quiz